Central Library OPAC University of Rajshahi

The land beyond the mountains / (Record no. 76484)

MARC details
000 -LEADER
fixed length control field 00742nam a2200253 a 4500
001 - CONTROL NUMBER
control field 76484
003 - CONTROL NUMBER IDENTIFIER
rucl marc code BD-RjUL
005 - DATE AND TIME OF LATEST TRANSACTION
control field 20211209082841.0
008 - FIXED-LENGTH DATA ELEMENTS--GENERAL INFORMATION
fixed length control field 191211s1958 mau 000 1 eng
035 ## - SYSTEM CONTROL NUMBER
System control number (BD-RjUL)76706
System control number (OCoLC)1997396
040 ## - CATALOGING SOURCE
Original cataloging agency DLC
Transcribing agency TU
Modifying agency OCoLC
-- DLC
-- BD-RjUL
Language of cataloging eng
041 ## - LANGUAGE CODE
Language code of text/sound track or separate title eng
082 ## - DEWEY DECIMAL CLASSIFICATION NUMBER
Edition number 23
Classification number 813.3
Author mark and year GIL 1958
100 1# - MAIN ENTRY--PERSONAL NAME
Personal name Giles, Janice Holt.
9 (RLIN) 236301
245 14 - TITLE STATEMENT
Title The land beyond the mountains /
Statement of responsibility, etc. Janice Holt Giles
260 ## - PUBLICATION, DISTRIBUTION, ETC. (IMPRINT)
Place of publication, distribution, etc. Boston :
Name of publisher, distributor, etc. Houghton Mifflin,
Date of publication, distribution, etc. 1958.
300 ## - PHYSICAL DESCRIPTION
Pagination 308 p.
Size 21 cm.
600 10 - SUBJECT ADDED ENTRY--PERSONAL NAME
Personal name Wilkinson, James,
Dates associated with a name 1757-1825
General subdivision Fiction.
650 ## - SUBJECT ADDED ENTRY--TOPICAL TERM
Topical term or geographic name as entry element American literature.
9 (RLIN) 236303
942 ## - ADDED ENTRY ELEMENTS (KOHA)
Source of classification or shelving scheme Dewey Decimal Classification
Koha item type Books
Holdings
Lost status Source of classification or shelving scheme Damaged status Not for loan Collection code Permanent Location Current Location Shelving location Date acquired Total Checkouts Full call number Date last seen Copy number Koha item type
  Dewey Decimal Classification   Not For Loan Fiction Central Library, University of Rajshahi Central Library, University of Rajshahi Reading Room 11/12/2019   813.3 GIL 1958 11/12/2019 C-1 Books